[Event "Madrid ch veteranos 2008-2009"]
[Site "Madrid ESP"]
[Date "2009.02.11"]
[Round "3.16"]
[White "Diaz Begonte, Manuel"]
[Black "Hernandez Del Can, Jose"]
[Result "0-1"]
[WhiteElo "1761"]
[BlackElo "1848"]
[PlyCount "56"]
[EventDate "2009.02.09"]
[EventType "swiss"]
[EventRounds "9"]
[EventCountry "ESP"]
[Source "lmi"]
[SourceDate "2009.02.09"]

1. e4 c5 2. Nf3 Nc6 3. Bc4 e6 4. c3 d6 5. O-O Nf6 6. Qe2 Be7 7. d4 cxd4 8. cxd4
O-O 9. Nc3 a6 10. Rd1 d5 11. exd5 exd5 12. Bb3 Bg4 13. h3 Bh5 14. Bf4 Re8 15.
g4 Bd6 16. Qd2 Bg6 17. Re1 Qc7 18. Bxd6 Qxd6 19. Qg5 h6 20. Qd2 Ne4 21. Nxe4
dxe4 22. Nh4 Nxd4 23. Kg2 Qf6 24. Bd1 Rad8 25. Nxg6 Nf3 26. Qe3 Nxe1+ 27. Qxe1
Qxg6 28. Bc2 Qc6 0-1

[Event "Madrid ch veteranos 2008-2009"]
[Site "Madrid ESP"]
[Date "2009.02.11"]
[Round "3.17"]
[White "Zamora Pastora, Roger"]
[Black "Leniz Martinez, Francisco"]
[Result "0-1"]
[WhiteElo "1601"]
[BlackElo "1847"]
[PlyCount "64"]
[EventDate "2009.02.09"]
[EventType "swiss"]
[EventRounds "9"]
[EventCountry "ESP"]
[Source "lmi"]
[SourceDate "2009.02.09"]

1. d4 Nf6 2. Nf3 d5 3. c4 c6 4. Nc3 dxc4 5. e4 b5 6. d5 b4 7. e5 bxc3 8. exf6
cxd5 9. bxc3 gxf6 10. g3 Bg7 11. Bg2 O-O 12. O-O e6 13. Be3 Nc6 14. Qd2 Kh8 15.
Bh6 Rg8 16. Bxg7+ Rxg7 17. Rac1 Bd7 18. Nd4 Rb8 19. f4 f5 20. Rfe1 Nxd4 21.
cxd4 Rg8 22. Bh3 a5 23. Rb1 Qc7 24. Rbc1 Rb4 25. Rc3 Qb8 26. Rec1 a4 27. Bf1
Qd6 28. Be2 Rgb8 29. Bd1 Rb2 30. R3c2 a3 31. Qc3 Ba4 32. Rxb2 axb2 0-1

[Event "Madrid ch veteranos 2008-2009"]
[Site "Madrid ESP"]
[Date "2009.02.11"]
[Round "3.18"]
[White "Aburto Renobales, Rafael"]
[Black "Fernandez Garcia, Ignacio"]
[Result "0-1"]
[WhiteElo "1534"]
[BlackElo "1973"]
[PlyCount "86"]
[EventDate "2009.02.09"]
[EventType "swiss"]
[EventRounds "9"]
[EventCountry "ESP"]
[Source "lmi"]
[SourceDate "2009.02.09"]

1. Nf3 d5 2. d4 c5 3. Nc3 Nf6 4. dxc5 Nc6 5. a3 a5 6. Rb1 a4 7. b4 axb3 8. cxb3
Bf5 9. Ra1 Nb4 10. Nd4 Bg6 11. Bb2 Na6 12. b4 Nc7 13. e3 e6 14. Ncb5 Be7 15.
Bd3 O-O 16. Qc2 Ne4 17. f3 Nf6 18. Rd1 Kh8 19. Kd2 Kg8 20. Kc1 Nd7 21. f4 Nxb5
22. Nxb5 Rc8 23. Bd4 Nb6 24. Kb2 Nc4+ 25. Kb3 b6 26. f5 Bxf5 27. Bxf5 exf5 28.
Qxf5 bxc5 29. bxc5 Bxc5 30. Bxg7 Qb6 31. a4 Kxg7 32. Rxd5 Bxe3 33. Rhd1 Na5+
34. Kb2 Rc4 35. Qe5+ Kg8 36. Qe7 Rxa4 37. Kb1 Qg6+ 38. R1d3 Nc4 39. Rd8 Rxd8
40. Qxd8+ Kg7 41. Qd5 Rb4+ 42. Kc2 Rxb5 43. Qxc4 Qxg2+ 0-1

[Event "Madrid ch veteranos 2008-2009"]
[Site "Madrid ESP"]
[Date "2009.02.12"]
[Round "4.1"]
[White "Estrada Martinez, Cesar"]
[Black "Fuentes Arjona, Antonio"]
[Result "1/2-1/2"]
[WhiteElo "2238"]
[BlackElo "2043"]
[PlyCount "95"]
[EventDate "2009.02.09"]
[EventType "swiss"]
[EventRounds "9"]
[EventCountry "ESP"]
[Source "lmi"]
[SourceDate "2009.02.09"]

1. Nf3 Nf6 2. c4 c5 3. d4 cxd4 4. Nxd4 Nc6 5. Nc3 g6 6. e4 d6 7. Be2 Bg7 8. Be3
O-O 9. O-O Bd7 10. Qd2 Rc8 11. f3 Qa5 12. Rfd1 Nxd4 13. Bxd4 Rfe8 14. Kh1 Be6
15. b3 Nd7 16. Bxg7 Kxg7 17. Rac1 b6 18. f4 Nf6 19. h3 Qc5 20. Rf1 Bd7 21. Rce1
Bc6 22. Bf3 Red8 23. Nd5 Bxd5 24. exd5 Rc7 25. f5 b5 26. fxg6 hxg6 27. Be2 bxc4
28. Bxc4 Ng4 29. Qf4 f5 30. Qg5 Rf8 31. Rxe7+ Rxe7 32. Qxe7+ Rf7 33. Qe2 Nf6
34. Qf2 Rc7 35. Qxc5 Rxc5 36. Re1 Ne4 37. g4 Kf6 38. Kg2 Kg5 39. gxf5 gxf5 40.
Re2 Nc3 41. Rd2 Kf4 42. h4 Kg4 43. Rd4+ Ne4 44. Bd3 Kxh4 45. Bxe4 fxe4 46.
Rxe4+ Kg5 47. Rd4 a5 48. Kf3 1/2-1/2

[Event "Madrid ch veteranos 2008-2009"]
[Site "Madrid ESP"]
[Date "2009.02.12"]
[Round "4.2"]
[White "Ciuro Munoz, Ricardo"]
[Black "Perez Cameselle, Francisco"]
[Result "1/2-1/2"]
[WhiteElo "2071"]
[BlackElo "1996"]
[PlyCount "72"]
[EventDate "2009.02.09"]
[EventType "swiss"]
[EventRounds "9"]
[EventCountry "ESP"]
[Source "lmi"]
[SourceDate "2009.02.09"]

1. e4 g6 2. d4 d6 3. Nc3 Nf6 4. Be2 Bg7 5. h4 c5 6. dxc5 Qa5 7. Qd3 Qxc5 8. Be3
Qa5 9. Qb5+ Nc6 10. Qxa5 Nxa5 11. f3 O-O 12. Bd3 a6 13. Nge2 Be6 14. Rd1 Nc4
15. Bxc4 Bxc4 16. b3 Bxe2 17. Nxe2 b5 18. c3 Rfc8 19. Rc1 Nd7 20. h5 Nc5 21.
Kd2 e5 22. hxg6 hxg6 23. c4 b4 24. Bxc5 dxc5 25. Ra1 a5 26. a4 Bf6 27. Kc2 Rd8
28. Rad1 Rxd1 29. Rxd1 Rd8 30. Rxd8+ Bxd8 31. Nc1 Be7 32. Nd3 Bd6 33. g4 f6 34.
Kd2 Kg7 35. Nc1 f5 36. Ke3 f4+ 1/2-1/2

[Event "Madrid ch veteranos 2008-2009"]
[Site "Madrid ESP"]
[Date "2009.02.12"]
[Round "4.3"]
[White "Garcia Esteban, Ignacio"]
[Black "Campos Calvo-Sotelo, Juan"]
[Result "0-1"]
[WhiteElo "2072"]
[BlackElo "2057"]
[PlyCount "92"]
[EventDate "2009.02.09"]
[EventType "swiss"]
[EventRounds "9"]
[EventCountry "ESP"]
[Source "lmi"]
[SourceDate "2009.02.09"]

1. e4 e6 2. d4 a6 3. Nf3 b5 4. Bd3 c5 5. dxc5 Bxc5 6. O-O Bb7 7. Qe2 Nc6 8. c3
Nf6 9. Bg5 h6 10. Bd2 d5 11. e5 Nd7 12. a4 b4 13. cxb4 Nxb4 14. Bxb4 Bxb4 15.
Nc3 O-O 16. Rfc1 Qb6 17. Na2 Be7 18. b4 Rfc8 19. a5 Rxc1+ 20. Rxc1 Qd8 21. h3
Rc8 22. Rb1 Nb8 23. Nd4 Nc6 24. Nxc6 Rxc6 25. b5 axb5 26. Bxb5 Rc8 27. a6 Ba8
28. Bd3 Bc5 29. Kh2 d4 30. Nb4 Rb8 31. Na2 Rxb1 32. Bxb1 g6 33. Nc1 Qg5 34. Qg4
Qxc1 35. Bxg6 Qg5 36. Bd3 Qxg4 37. hxg4 Ba7 38. Kh3 Kg7 39. f4 f6 40. g3 fxe5
41. fxe5 Bb8 42. Bf1 Bxe5 43. a7 d3 44. Bg2 d2 45. Bxa8 d1=Q 46. Bf3 Qe1 0-1

[Event "Madrid ch veteranos 2008-2009"]
[Site "Madrid ESP"]
[Date "2009.02.12"]
[Round "4.4"]
[White "Alvarez Escudero, Manuel"]
[Black "Garcia Gutierrez, Jose"]
[Result "0-1"]
[WhiteElo "1935"]
[BlackElo "2060"]
[PlyCount "122"]
[EventDate "2009.02.09"]
[EventType "swiss"]
[EventRounds "9"]
[EventCountry "ESP"]
[Source "lmi"]
[SourceDate "2009.02.09"]

1. e4 e6 2. d4 d5 3. exd5 exd5 4. h3 Bd6 5. Nf3 Nf6 6. Bd3 O-O 7. O-O Re8 8.
Re1 h6 9. b3 Ne4 10. c4 Bb4 11. Re2 c6 12. Bb2 Bf5 13. Nfd2 Nd7 14. Bxe4 dxe4
15. Nc3 Qh4 16. Re3 Nf6 17. Ne2 Bd6 18. Nf1 Nh7 19. Nfg3 Bd7 20. d5 c5 21. Nc3
Ng5 22. Qh5 Bxg3 23. Qxh4 Bxh4 24. Rae1 f5 25. Ne2 Nh7 26. Nf4 Bg5 27. g3 Bxf4
28. gxf4 Kf7 29. Kh2 Nf6 30. Be5 Nh5 31. f3 g5 32. fxe4 gxf4 33. Bxf4 Nxf4 34.
e5 Re7 35. Kg3 Nh5+ 36. Kh4 Ng7 37. e6+ Bxe6 38. dxe6+ Rxe6 39. Rxe6 Nxe6 40.
Kh5 Rd8 41. Re3 Rd3 42. Rxd3 Nf4+ 43. Kxh6 Nxd3 44. Kg5 f4 45. Kg4 Nf2+ 46.
Kxf4 Nxh3+ 47. Ke5 Ke7 48. Kd5 Kd7 49. Kxc5 Nf4 50. a4 Kc7 51. a5 a6 52. Kd4
Kc6 53. b4 Ne6+ 54. Ke5 Nc7 55. Kd4 Kd6 56. Ke4 Ne6 57. Kd3 Ke5 58. Kc3 Ke4 59.
b5 Nc5 60. Kb4 Kd4 61. b6 Nd3+ 0-1

[Event "Madrid ch veteranos 2008-2009"]
[Site "Madrid ESP"]
[Date "2009.02.12"]
[Round "4.5"]
[White "Ortega Morales, Pedro"]
[Black "Gabriel y Galan Acevedo, Jesus"]
[Result "0-1"]
[WhiteElo "1892"]
[BlackElo "1994"]
[PlyCount "106"]
[EventDate "2009.02.09"]
[EventType "swiss"]
[EventRounds "9"]
[EventCountry "ESP"]
[Source "lmi"]
[SourceDate "2009.02.09"]

1. d4 e6 2. Bf4 b6 3. Nd2 Bb7 4. e4 Ne7 5. Bd3 Na6 6. c3 Ng6 7. Bg3 Bd6 8. Qe2
Nb8 9. Nh3 a5 10. Bxd6 cxd6 11. a4 O-O 12. O-O Re8 13. Nc4 Qc7 14. Na3 Na6 15.
Qg4 e5 16. Nb5 Qb8 17. Qg3 d5 18. exd5 Bxd5 19. dxe5 Qxe5 20. Qxe5 Nxe5 21. Bc2
Bc4 22. Rfe1 Bxb5 23. axb5 Nc7 24. f4 Nc4 25. b3 Ne3 26. Bd3 Ned5 27. c4 Nb4
28. Nf2 Ne6 29. Be4 Rad8 30. g3 Nc5 31. Rab1 g6 32. Kf1 Re7 33. Bg2 Rde8 34.
Rxe7 Rxe7 35. Ng4 Kg7 36. Ne5 f6 37. Ng4 h5 38. Nf2 Re3 39. Nd1 Rxb3 40. Rxb3
Nxb3 41. Ke2 a4 42. Nc3 a3 43. Bf1 a2 44. Nxa2 Nxa2 45. Kd3 Nc5+ 46. Kc2 Ne4
47. Kb3 Nac3 48. Bg2 d6 49. Kc2 f5 50. Kd3 Kf6 51. h3 Ke6 52. Bf3 Na4 53. h4
Nac5+ 0-1

[Event "Madrid ch veteranos 2008-2009"]
[Site "Madrid ESP"]
[Date "2009.02.12"]
[Round "4.6"]
[White "Rodriguez Bachiller, Luis"]
[Black "Pardo Robles, Jose Manuel"]
[Result "1-0"]
[WhiteElo "1888"]
[BlackElo "1946"]
[PlyCount "87"]
[EventDate "2009.02.09"]
[EventType "swiss"]
[EventRounds "9"]
[EventCountry "ESP"]
[Source "lmi"]
[SourceDate "2009.02.09"]

1. e4 c5 2. Nf3 d6 3. d4 cxd4 4. Nxd4 Nf6 5. Nc3 g6 6. Be3 Bg7 7. f3 O-O 8. Bc4
Nc6 9. Qd2 Bd7 10. O-O-O Rc8 11. Bb3 Ne5 12. g4 Nc4 13. Bxc4 Rxc4 14. h4 h5 15.
gxh5 Nxh5 16. Nd5 e6 17. Nc3 Qa5 18. Kb1 b5 19. Ncxb5 Qa6 20. Na3 Ra4 21. Qd3
Qb7 22. Nb3 d5 23. exd5 exd5 24. Bd4 Bxd4 25. Nxd4 Rb8 26. Nb3 d4 27. Ka1 Bf5
28. Qd2 Kh7 29. Rhe1 a5 30. Qc1 Qb6 31. Re5 Rxa3 32. bxa3 a4 33. Rxf5 gxf5 34.
Nxd4 Qf6 35. c3 Ng3 36. Qc2 Kh6 37. Qxa4 Rc8 38. Qb4 Qe5 39. a4 f4 40. Nb5 Kh5
41. Qd4 Qe2 42. Qd3 Kxh4 43. Qh7+ Kg5 44. Qg7+ 1-0

[Event "Madrid ch veteranos 2008-2009"]
[Site "Madrid ESP"]
[Date "2009.02.12"]
[Round "4.7"]
[White "Lopez Heras, Arturo"]
[Black "Garcia Lopez, Pedro"]
[Result "1-0"]
[WhiteElo "1943"]
[BlackElo "1854"]
[PlyCount "65"]
[EventDate "2009.02.09"]
[EventType "swiss"]
[EventRounds "9"]
[EventCountry "ESP"]
[Source "lmi"]
[SourceDate "2009.02.09"]

1. e4 c5 2. b4 b6 3. bxc5 bxc5 4. Nc3 a6 5. Bc4 e6 6. Nf3 Nc6 7. O-O Be7 8. Bb3
d6 9. Re1 Qc7 10. Qe2 Bf6 11. Rb1 Nge7 12. Bb2 Nd4 13. Nxd4 Bxd4 14. Na4 Bxb2
15. Nxb2 O-O 16. Nc4 Bd7 17. Ne3 Nc6 18. c3 Ne5 19. Bc2 Nc6 20. f4 Ne7 21. Qg4
Rab8 22. h4 Rxb1 23. Bxb1 Rb8 24. h5 Rb2 25. h6 Ng6 26. f5 exf5 27. exf5 gxh6
28. Qg3 Rxd2 29. fxg6 fxg6 30. Bxg6 Kh8 31. Bf7 Qd8 32. Nc4 Bc6 33. Nxd2 1-0

[Event "Madrid ch veteranos 2008-2009"]
[Site "Madrid ESP"]
[Date "2009.02.12"]
[Round "4.8"]
[White "Pardinas Riano, Emilio"]
[Black "Beekhof Harmsen, Willen"]
[Result "1-0"]
[WhiteElo "1866"]
[BlackElo "1942"]
[PlyCount "63"]
[EventDate "2009.02.09"]
[EventType "swiss"]
[EventRounds "9"]
[EventCountry "ESP"]
[Source "lmi"]
[SourceDate "2009.02.09"]

1. e4 d6 2. d4 c5 3. d5 g6 4. Nf3 Bg7 5. Be2 f5 6. exf5 Bxf5 7. O-O e5 8. dxe6
Bxe6 9. c3 Ne7 10. Be3 Nbc6 11. Nbd2 Qd7 12. Ne4 Bd5 13. Ng3 O-O-O 14. Qd2 h6
15. Rfd1 Bxf3 16. Bxf3 Ne5 17. Be2 b6 18. Ba6+ Kc7 19. a4 g5 20. c4 Ng4 21. a5
Nxe3 22. axb6+ axb6 23. Bb5 Nxc4 24. Ra7+ Kb8 25. Rxd7 Nxd2 26. Rxe7 Bxb2 27.
Rxd2 Bc3 28. Rd5 Rhf8 29. Nf5 Rf6 30. g4 Rdf8 31. Rd3 Be1 32. Rxe1 1-0

[Event "Madrid ch veteranos 2008-2009"]
[Site "Madrid ESP"]
[Date "2009.02.12"]
[Round "4.9"]
[White "Lastras Hernandez, Tomas"]
[Black "Corredor Gonzalez, Angel L"]
[Result "1-0"]
[WhiteElo "1936"]
[BlackElo "1800"]
[PlyCount "79"]
[EventDate "2009.02.09"]
[EventType "swiss"]
[EventRounds "9"]
[EventCountry "ESP"]
[Source "lmi"]
[SourceDate "2009.02.09"]

1. d4 d5 2. c4 c6 3. e3 Nf6 4. Nc3 e6 5. Nf3 Bd6 6. Bd3 dxc4 7. Bxc4 b5 8. Bd3
Bb7 9. O-O Nbd7 10. e4 e5 11. d5 a6 12. dxc6 Bxc6 13. Bg5 Be7 14. Qe2 O-O 15.
Rac1 Bb7 16. Rfd1 Qb6 17. a3 Rfe8 18. Bb1 Rad8 19. b4 h6 20. Be3 Qe6 21. Ba2
Qg4 22. h3 Qh5 23. Nd5 Nxe4 24. Nxe7+ Rxe7 25. Bb6 Rde8 26. Qe3 Ng5 27. Nxg5
hxg5 28. Bc5 Nxc5 29. bxc5 g4 30. c6 Bc8 31. hxg4 Bxg4 32. f3 Bc8 33. c7 e4 34.
Rd8 Qe5 35. f4 Qb2 36. Bd5 g6 37. Bc6 Rf8 38. Qc5 e3 39. Qxe7 Qxc1+ 40. Kh2 1-0

[Event "Madrid ch veteranos 2008-2009"]
[Site "Madrid ESP"]
[Date "2009.02.12"]
[Round "4.11"]
[White "Leniz Martinez, Francisco"]
[Black "Pascual Perdiguero, Jose Maria"]
[Result "1-0"]
[WhiteElo "1847"]
[BlackElo "1873"]
[PlyCount "92"]
[EventDate "2009.02.09"]
[EventType "swiss"]
[EventRounds "9"]
[EventCountry "ESP"]
[Source "lmi"]
[SourceDate "2009.02.09"]

1. Nf3 Nf6 2. c4 e6 3. g3 b6 4. Bg2 Bb7 5. O-O Be7 6. b3 O-O 7. Bb2 d5 8. cxd5
exd5 9. d4 Nbd7 10. Nc3 a6 11. Rc1 Rc8 12. Qc2 Re8 13. e3 c5 14. Qb1 cxd4 15.
exd4 Ne4 16. Rfe1 f5 17. Qd3 Ndf6 18. h3 Bd6 19. Ne2 Re7 20. Ne5 Bb4 21. Red1
Rec7 22. Rxc7 Rxc7 23. f3 Nd6 24. a3 Ba5 25. b4 Nc4 26. Bc1 Qc8 27. Qb1 Nxe5
28. dxe5 Rc2 29. Rd2 Rxd2 30. Bxd2 Nd7 31. Bc3 Qc4 32. Qe1 b5 33. bxa5 Qc5+ 34.
Kh2 Qxa3 35. e6 Nf6 36. Bb4 Qe3 37. e7 Ne8 38. Nf4 Qxe1 39. Bxe1 Kf7 40. Bb4
Bc6 41. Kg1 Nc7 42. Kf2 d4 43. h4 h6 44. Nd3 Kf6 45. f4 Bxg2 46. Kxg2 Nd5 1-0

[Event "Madrid ch veteranos 2008-2009"]
[Site "Madrid ESP"]
[Date "2009.02.12"]
[Round "4.13"]
[White "Rodriguez Perez, Rene"]
[Black "Fernandez Martinez, Jose"]
[Result "1-0"]
[WhiteElo "2067"]
[BlackElo "1775"]
[PlyCount "24"]
[EventDate "2009.02.09"]
[EventType "swiss"]
[EventRounds "9"]
[EventCountry "ESP"]
[Source "lmi"]
[SourceDate "2009.02.09"]

1. e4 e5 2. Nf3 Nc6 3. Bb5 a6 4. Bxc6 dxc6 5. O-O Bd6 6. d4 f6 7. dxe5 fxe5 8.
Nxe5 Qf6 9. Nd3 Be6 10. e5 Bxe5 11. Qh5+ g6 12. Qxe5 O-O-O 1-0

[Event "Madrid ch veteranos 2008-2009"]
[Site "Madrid ESP"]
[Date "2009.02.12"]
[Round "4.15"]
[White "Gonzalo Gonzalez, Francisco"]
[Black "Martinez Miura, Enrique"]
[Result "1-0"]
[WhiteElo "1853"]
[BlackElo "1735"]
[PlyCount "33"]
[EventDate "2009.02.09"]
[EventType "swiss"]
[EventRounds "9"]
[EventCountry "ESP"]
[Source "lmi"]
[SourceDate "2009.02.09"]

1. e4 e6 2. Nc3 d5 3. exd5 exd5 4. Qe2+ Be7 5. g3 Nf6 6. d4 h6 7. Bf4 c6 8. Nf3
Bg4 9. h3 Bxf3 10. Qxf3 O-O 11. O-O-O Nbd7 12. g4 Nh7 13. Bd3 Bg5 14. Kb1 Bxf4
15. Qxf4 Qb8 16. Bxh7+ Kxh7 17. Qf5+ 1-0

[Event "Madrid ch veteranos 2008-2009"]
[Site "Madrid ESP"]
[Date "2009.02.12"]
[Round "4.19"]
[White "Aburto Renobales, Rafael"]
[Black "Rodriguez Lopez-Cañizares, Francisco"]
[Result "0-1"]
[WhiteElo "1534"]
[BlackElo "1693"]
[PlyCount "48"]
[EventDate "2009.02.09"]
[EventType "swiss"]
[EventRounds "9"]
[EventCountry "ESP"]
[Source "lmi"]
[SourceDate "2009.02.09"]

1. Nf3 d5 2. d4 Nf6 3. c4 e6 4. Nc3 c6 5. e3 dxc4 6. Bxc4 b5 7. Bd3 a6 8. a3
Bb7 9. b4 Nbd7 10. O-O Bd6 11. Ne2 O-O 12. Bb2 Qc7 13. Ng3 Ng4 14. Qc2 f5 15.
h3 Nxe3 16. Qb1 Nxf1 17. Kxf1 Bxg3 18. fxg3 Qxg3 19. Qc2 Nb6 20. d5 Nxd5 21.
Qe2 Nf4 22. Qd1 Qxg2+ 23. Ke1 Rad8 24. Nd4 Qxb2 0-1

[Event "Madrid ch veteranos 2008-2009"]
[Site "Madrid ESP"]
[Date "2009.02.12"]
[Round "4.20"]
[White "Vicario Ramirez, Celestino"]
[Black "Zamora Pastora, Roger"]
[Result "1-0"]
[WhiteElo "1607"]
[BlackElo "1601"]
[PlyCount "91"]
[EventDate "2009.02.09"]
[EventType "swiss"]
[EventRounds "9"]
[EventCountry "ESP"]
[Source "lmi"]
[SourceDate "2009.02.09"]

1. e4 c5 2. Nf3 Nc6 3. Bb5 d6 4. Bxc6+ bxc6 5. O-O Nf6 6. Re1 e5 7. d3 h6 8. h3
Be7 9. Nbd2 Be6 10. b3 Qd7 11. a4 O-O 12. a5 a6 13. Nf1 Rab8 14. Ne3 Rfd8 15.
Bb2 Nh7 16. Nd2 Ng5 17. Ndc4 Qc7 18. Qh5 Kh7 19. h4 g6 20. Qe2 Nxe4 21. dxe4
Bxh4 22. Red1 Bg5 23. Rd3 Bxe3 24. Nxe3 Qd7 25. Nc4 Bxc4 26. bxc4 Rxb2 27. Rf1
Qe6 28. Qd2 Ra2 29. Rb1 Qf6 30. Rb7 Ra1+ 31. Kh2 Kg7 32. g3 Rf1 33. Kg2 Ra1 34.
Rf3 Rg1+ 35. Kxg1 Qxf3 36. Qd3 Qf6 37. Rb6 g5 38. Rxc6 g4 39. Rxa6 Rd7 40. Rb6
Qd8 41. Qd1 h5 42. Qd2 f6 43. Qd1 Qe7 44. Qd5 Rd8 45. Rb7 Rd7 46. a6 1-0

[Event "Madrid ch veteranos 2008-2009"]
[Site "Madrid ESP"]
[Date "2009.02.13"]
[Round "5.1"]
[White "Campos Calvo-Sotelo, Juan"]
[Black "Estrada Martinez, Cesar"]
[Result "1-0"]
[WhiteElo "2057"]
[BlackElo "2238"]
[PlyCount "75"]
[EventDate "2009.02.09"]
[EventType "swiss"]
[EventRounds "9"]
[EventCountry "ESP"]
[Source "lmi"]
[SourceDate "2009.02.09"]

1. b4 Nf6 2. Bb2 e6 3. b5 d5 4. e3 c5 5. Nf3 Bd6 6. c4 O-O 7. d3 Qe7 8. Be2 e5
9. O-O Rd8 10. Qc2 dxc4 11. dxc4 e4 12. Nfd2 Bf5 13. Nc3 Bxh2+ 14. Kxh2 Qd6+
15. g3 Nbd7 16. Ncxe4 Nxe4 17. Nxe4 Qg6 18. Bf3 Re8 19. Qd2 Rxe4 20. Bxe4 Qh5+
21. Kg1 Bxe4 22. f3 Bf5 23. Rad1 Qg6 24. Rf2 h5 25. e4 Be6 26. Qd6 Nb6 27. Qc7
Nxc4 28. Bc1 Rc8 29. Rd8+ Rxd8 30. Qxd8+ Kh7 31. Bf4 b6 32. Rh2 f5 33. e5 Na3
34. Qd3 Nc4 35. g4 Qe8 36. gxf5 Bg8 37. e6 g5 38. Qd7+ 1-0

[Event "Madrid ch veteranos 2008-2009"]
[Site "Madrid ESP"]
[Date "2009.02.13"]
[Round "5.4"]
[White "Garcia Gutierrez, Jose"]
[Black "Lastras Hernandez, Tomas"]
[Result "1-0"]
[WhiteElo "2060"]
[BlackElo "1936"]
[PlyCount "85"]
[EventDate "2009.02.09"]
[EventType "swiss"]
[EventRounds "9"]
[EventCountry "ESP"]
[Source "lmi"]
[SourceDate "2009.02.09"]

1. e4 e5 2. d4 exd4 3. f4 Nc6 4. Nf3 Nf6 5. Bd3 Bc5 6. a3 a6 7. O-O O-O 8. Nbd2
d6 9. f5 Re8 10. Kh1 Ne5 11. Nxe5 dxe5 12. g4 Nd7 13. g5 f6 14. Bc4+ Kh8 15. g6
h6 16. Bf7 Re7 17. Nb3 b5 18. Bd5 Rb8 19. Qh5 Qf8 20. Bxh6 gxh6 21. Nxc5 Nxc5
22. g7+ Qxg7 23. Rg1 Qh7 24. Rg6 Bb7 25. Bxb7 Nxb7 26. Rxh6 Nd6 27. Re1 Nc4 28.
Qg6 Rf8 29. Rg1 Nd6 30. Rg4 Nc4 31. Rgh4 Rff7 32. Rxh7+ Rxh7 33. Qxf6+ Kg8 34.
Rg4+ Rhg7 35. Rg6 Ref7 36. Qe6 Kh7 37. Rh6+ Kg8 38. f6 Rg5 39. Qe8+ Rf8 40.
Rg6+ Kh7 41. Rg7+ Rxg7 42. Qxf8 Rd7 43. f7 1-0

[Event "Madrid ch veteranos 2008-2009"]
[Site "Madrid ESP"]
[Date "2009.02.13"]
[Round "5.5"]
[White "Gabriel y Galan Acevedo, Jesus"]
[Black "Rodriguez Bachiller, Luis"]
[Result "1/2-1/2"]
[WhiteElo "1994"]
[BlackElo "1888"]
[PlyCount "134"]
[EventDate "2009.02.09"]
[EventType "swiss"]
[EventRounds "9"]
[EventCountry "ESP"]
[Source "lmi"]
[SourceDate "2009.02.09"]

1. d4 Nf6 2. Nf3 e6 3. Bg5 Be7 4. Nbd2 c5 5. e3 b6 6. Bd3 Ba6 7. Nc4 d5 8. Nce5
c4 9. Be2 O-O 10. O-O Qc7 11. c3 Ne4 12. Bf4 Bd6 13. Nd2 Nxd2 14. Qxd2 f6 15.
Nf3 Nc6 16. Bd1 Ne7 17. Bc2 Bb7 18. Bg3 Rad8 19. a4 a6 20. Qe2 Bxg3 21. hxg3
Ng6 22. Nd2 b5 23. axb5 axb5 24. Qh5 f5 25. Nf3 Rf6 26. Ra7 Ra8 27. Rfa1 Rxa7
28. Rxa7 Qb6 29. Ra1 b4 30. Nh4 bxc3 31. bxc3 Qb2 32. Rb1 Qxc2 33. Rxb7 Qxc3
34. Qd1 Rf7 35. Rb6 Re7 36. Nf3 Qa5 37. Rc6 Qb5 38. Rc5 Qa6 39. Ng5 h6 40. Qh5
Nf8 41. Nh3 Qa1+ 42. Kh2 Rb7 43. Rc8 Rb1 44. g4 fxg4 45. Qxg4 Rh1+ 46. Kg3 Qa6
47. Rc7 Qd6+ 48. Qf4 Qxf4+ 49. Nxf4 h5 50. Kf3 g5 51. Ne2 Re1 52. Ng3 g4+ 53.
Kf4 h4 54. Nh5 h3 55. gxh3 gxh3 56. Kg3 Rf1 57. Rg7+ Kh8 58. Rf7 Nh7 59. Nf4
Kg8 60. Re7 h2 61. Kxh2 Rxf2+ 62. Kg3 Rf1 63. Rxe6 Kf7 64. Rd6 Nf6 65. Kg2 Re1
66. Nxd5 Nxd5 67. Rxd5 Rxe3 1/2-1/2

[Event "Madrid ch veteranos 2008-2009"]
[Site "Madrid ESP"]
[Date "2009.02.13"]
[Round "5.6"]
[White "Garcia Esteban, Ignacio"]
[Black "Pardinas Riano, Emilio"]
[Result "1/2-1/2"]
[WhiteElo "2072"]
[BlackElo "1866"]
[PlyCount "42"]
[EventDate "2009.02.09"]
[EventType "swiss"]
[EventRounds "9"]
[EventCountry "ESP"]
[Source "lmi"]
[SourceDate "2009.02.09"]

1. e4 c5 2. Nf3 Nc6 3. Bb5 g6 4. O-O Bg7 5. c3 e6 6. d3 Nge7 7. Be3 a6 8. Ba4
b5 9. Bc2 d6 10. Qd2 O-O 11. Bh6 Bd7 12. Bxg7 Kxg7 13. Na3 e5 14. d4 Bg4 15.
dxc5 dxc5 16. Qe3 Bxf3 17. Qxf3 c4 18. Rad1 Qc7 19. Qe3 Rad8 20. Qc5 Rxd1 21.
Rxd1 Rd8 1/2-1/2

[Event "Madrid ch veteranos 2008-2009"]
[Site "Madrid ESP"]
[Date "2009.02.13"]
[Round "5.7"]
[White "Pardo Robles, Jose Manuel"]
[Black "Leniz Martinez, Francisco"]
[Result "1-0"]
[WhiteElo "1946"]
[BlackElo "1847"]
[PlyCount "75"]
[EventDate "2009.02.09"]
[EventType "swiss"]
[EventRounds "9"]
[EventCountry "ESP"]
[Source "lmi"]
[SourceDate "2009.02.09"]

1. d4 d5 2. c4 c6 3. Nf3 Nf6 4. Bf4 Bf5 5. Nc3 e6 6. cxd5 exd5 7. e3 Bb4 8. a3
Be7 9. Be2 O-O 10. h3 Nbd7 11. O-O h6 12. Bh2 Bh7 13. b4 a6 14. Nd2 Ne4 15.
Ncxe4 dxe4 16. Bc4 Nf6 17. Ba2 Bd6 18. Bxd6 Qxd6 19. Nc4 Qe7 20. Qb3 Rad8 21.
a4 Bf5 22. Ne5 Be6 23. Qb2 Bd5 24. Rfc1 Bxa2 25. Rxa2 Rd5 26. Rc5 Rfd8 27. Qc3
Qe6 28. Rb2 Nd7 29. Nxd7 R8xd7 30. b5 Rxc5 31. Qxc5 axb5 32. axb5 Rd5 33. Qa7
Rxb5 34. Rxb5 cxb5 35. Qxb7 Qc4 36. d5 Qe2 37. Qb8+ Kh7 38. d6 1-0

[Event "Madrid ch veteranos 2008-2009"]
[Site "Madrid ESP"]
[Date "2009.02.13"]
[Round "5.9"]
[White "Olano Lanchas, Dionisio"]
[Black "Fernandez Garcia, Ignacio"]
[Result "1-0"]
[WhiteElo "1838"]
[BlackElo "1973"]
[PlyCount "69"]
[EventDate "2009.02.09"]
[EventType "swiss"]
[EventRounds "9"]
[EventCountry "ESP"]
[Source "lmi"]
[SourceDate "2009.02.09"]

1. e4 e6 2. Nf3 d5 3. exd5 exd5 4. d4 Bg4 5. Be2 Nf6 6. Bg5 Bd6 7. Nc3 c6 8.
Ne5 Bxe2 9. Qxe2 O-O 10. O-O Re8 11. f4 Nbd7 12. Qd3 Qb6 13. Na4 Qb4 14. b3
Bxe5 15. fxe5 Ne4 16. Be3 b5 17. c3 Qe7 18. Nb2 c5 19. Rf4 f5 20. Rxf5 g6 21.
Rf3 cxd4 22. cxd4 Rac8 23. Qxb5 Nxe5 24. Qxd5+ Nf7 25. Raf1 Rc7 26. Nc4 Rd7 27.
Qa5 Nfg5 28. Bxg5 Nxg5 29. Re3 Ne4 30. d5 Qg5 31. Qb5 Rde7 32. Qc6 Rd8 33. d6
Rxd6 34. Qc8+ Kg7 35. Qf8# 1-0